| 000 | 00780nam a2200229 4500 | ||
|---|---|---|---|
| 003 | OSt | ||
| 005 | 20260601171021.0 | ||
| 008 | 260520b\\\\\\\\bl\|||||\||||\00|\0\por\d | ||
| 040 |
_aICI _bspa _cICI _erda |
||
| 050 | _aNK1390 M87 2000 | ||
| 100 | _eautor | ||
| 245 |
_aThe Museum of Modern Art, New York _bDesign MOMA |
||
| 260 |
_aSão Paulo _bCentro Cultural FIESP _c2000 |
||
| 300 |
_a81 paginas: _bilustraciones |
||
| 336 |
_2rdacontent _atexto |
||
| 337 |
_2rdamedia _asin medio |
||
| 338 |
_2rdacarrier _avolumen |
||
| 500 | _aCatálogo de exposición de diseño moderno organizado por el Museum of Modern Art de Nueva York y el Centro Cultural FIESP | ||
| 650 |
_aDiseño moderno _xExposiciones _934708 |
||
| 650 |
_aArte moderno _xExposiciones _934709 |
||
| 942 |
_2lcc _n1 _cB |
||
| 999 |
_c20903 _d20903 |
||